Colony : a novel / by Anne Rivers Siddons.
It isn't easy for sweet young Maude Gascoigne, from a moldering plantation near Charleston, to fit in when her new husband, sterling-silver Peter Chambliss takes her to the summer place. For the first few decades Maude battles it out with her insufferable, hypercritical mother-in-law, the drunken and lecherous husband of her best friend, Amy Potter, and even Peter himself--a depressive, hermetic man who just sails away whenever things get rough. Gradually, though, little Maudie gets some starch and learns to endure almost anything.
Available copies
- 1 of 1 copy available at scottsboropl.
Holds
- 0 current holds with 1 total copy.
Show Only Available Copies
| Location | Call Number / Copy Notes | Barcode | Shelving Location | Status | Due Date |
|---|---|---|---|---|---|
| scottsboropl | F Sid | 32269001142366 | Adult - Fiction | Available | - |
| LDR | 01589nam a2200349 a 4500 | ||
|---|---|---|---|
| 001 | 153211 | ||
| 003 | CONS | ||
| 005 | 20200116085140.0 | ||
| 008 | 910926s1992 nyu 000 1 eng | ||
| 010 | . | ‡a 91058357 | |
| 020 | . | ‡a9780060179335 ‡q(Hardcover) | |
| 020 | . | ‡a0060179333 ‡q(Hardcover) | |
| 035 | . | ‡a(CPomAG)LMN615488 | |
| 043 | . | ‡an-us-me | |
| 050 | 0 | 0. | ‡aPS3569.I28 ‡bC65 1992 |
| 082 | 0 | 0. | ‡a813/.54 ‡220 |
| 100 | 1 | . | ‡aSiddons, Anne Rivers. |
| 245 | 1 | 0. | ‡aColony : ‡ba novel / ‡cby Anne Rivers Siddons. |
| 250 | . | ‡a1st ed. | |
| 260 | . | ‡aNew York, NY : ‡bHarperCollins Publishers, ‡c♭1992. | |
| 300 | . | ‡a466 pages ; ‡c25 cm | |
| 336 | . | ‡atext ‡btxt ‡2rdacontent | |
| 337 | . | ‡aunmediated ‡bn ‡2rdamedia | |
| 338 | . | ‡avolume ‡bnc ‡2rdacarrier | |
| 520 | 8 | . | ‡aIt isn't easy for sweet young Maude Gascoigne, from a moldering plantation near Charleston, to fit in when her new husband, sterling-silver Peter Chambliss takes her to the summer place. For the first few decades Maude battles it out with her insufferable, hypercritical mother-in-law, the drunken and lecherous husband of her best friend, Amy Potter, and even Peter himself--a depressive, hermetic man who just sails away whenever things get rough. Gradually, though, little Maudie gets some starch and learns to endure almost anything. |
| 650 | 0. | ‡aWomen ‡vFiction. | |
| 650 | 4. | ‡aWomen ‡vFiction. | |
| 651 | 0. | ‡aMaine ‡vFiction. | |
| 655 | 7. | ‡aDomestic fiction. ‡2lcgft | |
| 914 | . | ‡aSCP_LP | |
| 959 | . | ‡i32269001142366 ‡lF Sid ‡aAdult - Fiction ‡tFiction ‡g30.00 | |
| 852 | . | ‡p32269001142366 ‡jF Sid ‡gAdult - Fiction ‡cFiction ‡y30.00 ‡bSBPL | |
| 901 | . | ‡a153211 ‡bUnknown ‡c153211 ‡tbiblio | |